| 000 | 00791nam a2200205 i 4500 | ||
|---|---|---|---|
| 001 | 95939 | ||
| 003 | ES-MaACL | ||
| 005 | 20230906181815.0 | ||
| 007 | t| | ||
| 008 | 050608s1905 po ||||1| por d | ||
| 100 | 1 |
_aMachado, Virgilio. _975169 |
|
| 245 | 1 | 0 | _aAllocuçao do vicepresidente Virgilio Machado e relatorio des trabalhos da Academia pelo secretario geral Adriano Augusto de Pina Vidal. |
| 260 |
_aLisboa : _b[s.n.], _c1905 ( _fTyp. da Academia) |
||
| 300 |
_aXXVII, 72 p. ; _c23 cm. |
||
| 594 | _aPrecede al tít.: Sessao publica da Academia Real da Sciencias de Lisboa... 1905. | ||
| 610 | 2 | 4 |
_aAcademia das Ciências de Lisboa. _91159 |
| 700 | 1 |
_aPina Vidal, Adriano Augusto de. _992069 |
|
| 710 | 2 |
_aAcademia das Ciências de Lisboa. _91159 |
|
| 852 |
_aES-MaACL _jT-1162-F-4 |
||
| 999 |
_c95939 _d95939 |
||